01575nam a2200241 a 450000100100000000500170001000800410002704000250006808200220009310000480011524500740016325000110023726000820024830000200033049000560035083000630040695202020046995201340067195201340080595201840093995201930112399900170131600002844220240305083702.0110408s1974 dr a r 000 0 spa d aDO-SdBNPbspacBNPHU axxxxbA594e, 19741 aAngulo Guridi, Alejandro,d1823-190692224310aExclusivismo y fraternidad de los pueblos /cAlejandro Angulo Guridi. a2a ed. aSanto Domingo :bSociedad Dominicana de Bibliófilos,c1974.fEditora Taller a25 p. ;c19 cm.1 aSociedad dominicana de bibliófilosasegunda serie 0aSociedad dominicana de bibliófilospsegunda serie955386 001054708DSaGRbGRcHDd2011-04-08iLF1l0oxxxx A594e, 1974p28442-30r2020-06-25te.3w2020-06-25yLFDSzPerteneció a la biblioteca personal de Carlos Larrabazal Blanco.ZPréstamo en sala 001054708DSaGRbGRcHDd2015-02-11iLF1l0oxxxx A594e, 1974p28442-40r2020-06-25te.4w2020-06-25yLFDSZPréstamo en sala 001054708DSaGRbGRcHDd2015-05-08iLF1l0oxxxx A594e, 1974p28442-50r2020-06-25te.5w2020-06-25yLFDSZPréstamo en sala 0010718PDaPDbPDcHDd2011-04-08iLF1l0oxxxx A594e, 1974p28442-10r2020-06-25w2020-06-25yLFPDzPerteneció a la bibliteca personal de Germán Emilio Ornes.ZNo se presta 0010718PDaPDbPDcHDd2011-04-08iLF1l0oxxxx A594e, 1974p28442-20r2020-06-25te.2w2020-06-25yLFPDzPerteneció a la biblioteca personal de Carlos Larrabazal Blanco.ZNo se presta c27934d27934